| 000 | 00726nam a22002537a 4500 | ||
|---|---|---|---|
| 001 | BR9509380 | ||
| 003 | BR-BrBNA | ||
| 005 | 20230928094757.0 | ||
| 007 | ta | ||
| 008 | 230509b bl.||||| |||| 00| 0 por d | ||
| 040 |
_aBR-BrBNA _bpor _cBiblioteca Nacional de Agricultura |
||
| 041 | _a(Por) | ||
| 072 | _aL70; B50 | ||
| 090 | _ L70 BR9509380 | ||
| 110 | 1 | _aUniversidade Federal de Minas Gerais, Belo Horizonte (Brasil). Escola de Veterinaria | |
| 245 | 1 | _aEscola de Veterinaria da UFMG. Memorial 60 anos. 1932-1992 | |
| 260 | 3 |
_aBelo Horizonte, MG (Brasil): _c1992. |
|
| 300 | _a59 p. | ||
| 650 | _aVeterinaria | ||
| 650 | _aEscola | ||
| 650 | _aHistoria | ||
| 909 |
_a202309 _bLucia _c55 _dLucia Elande |
||
| 942 | _cBK | ||
| 999 |
_c52588 _d52588 |
||